| 000 | 00965nam a22002778a 4500 | ||
|---|---|---|---|
| 001 | 015454987 | ||
| 003 | OSt | ||
| 005 | 20150216141135.0 | ||
| 008 | 090902t2011 xxua fr 001 0 eng d | ||
| 020 | _a9780135149881 (pbk.) | ||
| 020 | _a0135149886 (pbk.) | ||
| 040 |
_aStDuBDS _beng _cStDuBDS _dEG-ScBUE |
||
| 082 | 0 | 0 |
_a610.14 _222 _bWIN |
| 100 | 1 |
_aWingerd, Bruce D. _932896 |
|
| 245 | 1 | 0 |
_aUnlocking medical terminology / _cBruce Wingerd. |
| 250 | _a2nd ed. | ||
| 260 |
_aUpper Saddle River, United States : _bPearson Education [distributor], _cc.2011. |
||
| 300 |
_a[Various pagings] : _bill. (col.) ; _c28 cm. |
||
| 500 | _aIncludes index. | ||
| 500 | _aIncludes appendixes. | ||
| 650 | 0 |
_aMedicine _vTerminology _vProgrammed instruction. _914040 _xTerminology _xProgrammed instruction |
|
| 650 | 0 |
_aMedicine _xTerminology _xComputer-assisted instruction _937426 |
|
| 653 |
_bPPhrm _cFebruary2015 |
||
| 655 |
_vreading book _934232 |
||
| 942 |
_2ddc _k610.14 WIN |
||
| 999 |
_c18985 _d18957 |
||